Bio-technology : The University-Industrial complex

In the first serious history of the biotechnology industry, Martin Kenney examines its growth and structure, describes the role of university departments of basic and applied biology, and shows how the relationship undermines the educational role of the university.

Wedi'i Gadw mewn:
Manylion Llyfryddiaeth
Prif Awdur: Kenney, Martin
Fformat: Llyfr
Iaith:Undetermined
Cyhoeddwyd: New Haven and London Yale University 1986
Pynciau:
Tagiau: Ychwanegu Tag
Dim Tagiau, Byddwch y cyntaf i dagio'r cofnod hwn!
Thư viện lưu trữ: Trung tâm Học liệu Trường Đại học Cần Thơ
LEADER 00889nam a2200217Ia 4500
001 CTU_228974
008 210402s9999 xx 000 0 und d
082 |a 338.476606 
082 |b K36 
100 |a Kenney, Martin 
245 0 |a Bio-technology : 
245 4 |b The University-Industrial complex 
245 0 |c Martin Kenney 
260 |a New Haven and London 
260 |b Yale University 
260 |c 1986 
520 |a In the first serious history of the biotechnology industry, Martin Kenney examines its growth and structure, describes the role of university departments of basic and applied biology, and shows how the relationship undermines the educational role of the university. 
650 |a Công nghiệp công nghệ sinh học,Biotechnology industries 
904 |i Nhật Ngân 
910 |b dqhieu 
980 |a Trung tâm Học liệu Trường Đại học Cần Thơ